Central americans in Mexico city: uprooted and silenced
Sparad:
| Huvudupphovsman: | |
|---|---|
| Institutionell upphovsman: | |
| Materialtyp: | Text |
| Publicerad: |
Washington, D.C.:
Georgetown
|
| Taggar: |
Lägg till en tagg
Inga taggar, Lägg till första taggen!
|
MARC
| LEADER | 00000 a a2200000 04500 | ||
|---|---|---|---|
| 001 | 21196 | ||
| 003 | |||
| 040 | |a CRAI/IIS |c CRAI/IIS | ||
| 090 | |a 092300 | ||
| 100 | |a O'Dogherty, Laura | ||
| 110 | |a Center for Inmigration Policy and Refugee Assistance | ||
| 245 | |a Central americans in Mexico city: uprooted and silenced | ||
| 260 | |a Washington, D.C.: |b Georgetown | ||
| 300 | |a 76 p. | ||
| 999 | |c 14132 |d 14132 | ||
